000 00287nam a2200121 a 4500
005 20141022142007.0
008 081003s19uu xx 00 eng d
050 _aVCD
_bU1 2005
245 _aUnsolved history: JFK.
650 _aVCD.
650 _aUnsolved history: JFK.
942 _cAVM
999 _c276535
_d276535